000 00368nam a22001457a 4500
003 OSt
008 250611b |||||||| |||| 00| 0 eng d
020 _a9789386956903
100 _a SWAMI, Prabhupada
245 _aSrimadbhagabatam Canto 10 Bhag 1
260 _aMumbai
_b The Bhaktivedanta Book Trust
_c2021
300 _a747
650 _aGeneral
942 _2ddc
_cBK
999 _c13657
_d13657